000
00266nam a2200097Ia 4500
082
_a
658.3|BUYS
245
0
_a
Management by coaching
100
_a
Buys, Lauron Randburg, South Africa, 2011
_9
63682
942
_c
BK
008
210817s9999 xx 000 0 und d
999
_c
201991
_d
201990